000 00426nam a2200157Ia 4500
008 231217s9999 xx 000 0 und d
020 _a8178815370
041 _aEnglish
082 _a331.256 RED2;1 R
100 _aSumati Reddy ed.
245 0 _aWork force diversity : global experiences
260 _c2005
_bIcfai
_aHyderabad
300 _aviii, 180
650 _aforce,diversity, , globa, experiences
942 _cAA
999 _c187773
_d187773